The Iranians : Persia, Islam, and the soul of a nation, with a new afterword by the author (Record no. 11609)

000 -LEADER
fixed length control field 00950nam a2200253 a 4500
001 - CONTROL NUMBER
control field 1206552
005 - DATE AND TIME OF LATEST TRANSACTION
control field 20170105102344.0
008 - FIXED-LENGTH DATA ELEMENTS--GENERAL INFORMATION
fixed length control field 980708s1998 nyub b 001 0 eng
010 ## - LIBRARY OF CONGRESS CONTROL NUMBER
LC control number 98167695
020 ## - INTERNATIONAL STANDARD BOOK NUMBER
International Standard Book Number 0452275636 (pbk.)
040 ## - CATALOGING SOURCE
Original cataloging agency DLC
Transcribing agency DLC
043 ## - GEOGRAPHIC AREA CODE
Geographic area code a-ir---
050 00 - LIBRARY OF CONGRESS CALL NUMBER
Classification number DS318.8
Item number .M3 1998
082 00 - DEWEY DECIMAL CLASSIFICATION NUMBER
Classification number 955.05
Edition number 21
100 1# - MAIN ENTRY--PERSONAL NAME
Personal name Mackey, Sandra,
Dates associated with a name 1937-
245 14 - TITLE STATEMENT
Title The Iranians : Persia, Islam, and the soul of a nation, with a new afterword by the author
Remainder of title Persia, Islam, and the soul of a nation, with a new afterword by the author
Statement of responsibility, etc. Sandra Mackey
260 ## - PUBLICATION, DISTRIBUTION, ETC.
Place of publication, distribution, etc. New York :
Name of publisher, distributor, etc. Plume Book,
Date of publication, distribution, etc. 1998.
300 ## - PHYSICAL DESCRIPTION
Extent xxii, 442 p. :
Other physical details maps ;
Dimensions 24 cm.
504 ## - BIBLIOGRAPHY, ETC. NOTE
Bibliography, etc. note Includes bibliographical references (p. [421]-426) and index.
651 #0 - SUBJECT ADDED ENTRY--GEOGRAPHIC NAME
Geographic name Iran
General subdivision Politics and government
Chronological subdivision 20th century.
906 ## - LOCAL DATA ELEMENT F, LDF (RLIN)
a 7
b cbc
c orignew
d 2
e ncip
f 19
g y-gencatlg
942 ## - ADDED ENTRY ELEMENTS (KOHA)
Source of classification or shelving scheme
Koha item type Book
Holdings
Withdrawn status Lost status Damaged status Not for loan Collection code Permanent Location Current Location Shelving location Date acquired Source of acquisition Cost, normal purchase price Total Checkouts Total Renewals Full call number Barcode Checked out Date last seen Date last checked out Price effective from Koha item type
          Central Library (CL) Central Library (CL) General Stacks 02/27/2013 Progressive International Agencies 1913.35 2 2 955.05 MAC SEECS012040 05/12/2026 03/16/2026 03/16/2026 03/06/2013 Book
© 2023 Central Library, National University of Sciences and Technology. All Rights Reserved.